000 00720nam a2200289Ia 4500
005 20260324132459.0
008 008 260324s9999 xx 000 0 eng d
020 _a9781410611529
037 _aEBOOK
040 _aCRL
040 _beng
040 _cCRL
041 _2eng
041 _aeng
084 _qCRL
100 _aEllen Ernst Kossek; Susan J. Lambert
_91189441
245 0 _aWork and Life Integration
245 0 _bOrganizational, Cultural, and Individual Perspectives
260 _bTaylor and Francis
260 _c2004
365 _a
365 _b220
856 _uhttp://www.taylorfrancis.com/books/9781410611529
942 _cEBOOK
999 _c1787594
_d1787594